UM Logo

European politics today : (Record no. 6738)

MARC details
000 -LEADER
fixed length control field 00719nam a2200181 4500
008 - FIXED-LENGTH DATA ELEMENTS--GENERAL INFORMATION
fixed length control field 170426b xxu||||| |||| 00| 0 eng d
020 ## - INTERNATIONAL STANDARD BOOK NUMBER
International Standard Book Number 0-13-292012-3 (alk. paper)
082 ## - DEWEY DECIMAL CLASSIFICATION NUMBER
Edition number 1990
Classification number DC 320.3094
Item number W69
100 ## - MAIN ENTRY--PERSONAL NAME
9 (RLIN) 20391
Personal name Wilson, Frank Lee
Dates associated with a name 1941-
245 ## - TITLE STATEMENT
Title European politics today :
Remainder of title the democratic experience /
Statement of responsibility, etc. Frank L. Wilson.
260 ## - PUBLICATION, DISTRIBUTION, ETC. (IMPRINT)
Place of publication, distribution, etc. Englewood Cliffs, New Jersey :
Name of publisher, distributor, etc. Prentice Hall,
Date of publication, distribution, etc. c1990.
300 ## - PHYSICAL DESCRIPTION
Extent 478 pages :
Other physical details illustrations ;
Dimensions 24 cm.
500 ## - GENERAL NOTE
General note Includes bibliographical references.
650 #0 - SUBJECT ADDED ENTRY--TOPICAL TERM
9 (RLIN) 20392
Topical term or geographic name as entry element Comparative government
650 #0 - SUBJECT ADDED ENTRY--TOPICAL TERM
9 (RLIN) 20393
Topical term or geographic name as entry element Europe -- Politics and government -- 1945-
650 #0 - SUBJECT ADDED ENTRY--TOPICAL TERM
9 (RLIN) 20394
Topical term or geographic name as entry element Europe, Eastern -- Politics and government -- 1945-
942 ## - ADDED ENTRY ELEMENTS (KOHA)
Source of classification or shelving scheme Dewey Decimal Classification
Koha item type Circulation
Holdings
Withdrawn status Lost status Source of classification or shelving scheme Damaged status Not for loan Collection code Home library Current library Shelving location Date acquired Source of acquisition Total Checkouts Full call number Barcode Date last seen Date last checked out Copy number Price effective from Koha item type
    Dewey Decimal Classification     Circulation UM Digos College - LIC UM Digos College - LIC Book Cart 10/09/2001 Purchased 3 DC 320.3094 W69 1990 14809 05/15/2025 04/08/2024 1 04/26/2017 Circulation